Les Grands orfevres de Louis XIII a Charles X. / (Record no. 1549)
[ view plain ]
| 000 -CABECERA | |
|---|---|
| campo de control de longitud fija | 00709cam a22001931 4500 |
| 001 - NÚMERO DE CONTROL | |
| campo de control | 000001668 |
| 005 - FECHA Y HORA DE LA ÚLTIMA TRANSACCIÓN | |
| campo de control | 20200929145644.0 |
| 008 - DATOS DE LONGITUD FIJA--INFORMACIÓN GENERAL | |
| campo de control de longitud fija | 781113s1965 fr a 000 0 fre |
| 010 ## - NÚMERO DE CONTROL DE LA BIBLIOTECA DEL CONGRESO | |
| Número de control de LC | 66045551 |
| 040 ## - FUENTE DE LA CATALOGACIÓN | |
| Centro catalogador/agencia de origen | DO-SdBNP |
| Lengua de catalogación | spa |
| Centro/agencia transcriptor | BNPHU |
| 245 04 - MENCIÓN DE TÍTULO | |
| Título | Les Grands orfevres de Louis XIII a Charles X. / |
| Mención de responsabilidad, etc. | Pref. de Jacques Helft. [Concu realise par Claude Fregnac. |
| 260 ## - PUBLICACIÓN, DISTRIBUCIÓN, ETC. | |
| Lugar de publicación, distribución, etc. | Paris] : |
| Nombre del editor, distribuidor, etc. | Hachette, |
| Fecha de publicación, distribución, etc. | [1965]. |
| 300 ## - DESCRIPCIÓN FÍSICA | |
| Extensión | 333 p. : |
| Otras características físicas | illus. (part col.), facsims., ports. ; |
| Dimensiones | 32 cm. |
| 490 0# - MENCIÓN DE SERIE | |
| Mención de serie | Collection Connaissance des arts "Grands artisans d'autrefois" |
| 504 ## - NOTA DE BIBLIOGRAFÍA, ETC. | |
| Nota de bibliografía, etc. | Bibliography: p. 333. |
| 650 #0 - PUNTO DE ACCESO ADICIONAL DE MATERIA--TÉRMINO DE MATERIA | |
| Término de materia o nombre geográfico como elemento de entrada | Goldsmiths |
| Subdivisión geográfica | France. |
| 9 (RLIN) | 5421 |
| 650 #0 - PUNTO DE ACCESO ADICIONAL DE MATERIA--TÉRMINO DE MATERIA | |
| Término de materia o nombre geográfico como elemento de entrada | Silversmiths |
| Subdivisión geográfica | France. |
| 9 (RLIN) | 5422 |
| 700 1# - PUNTO DE ACCESO ADICIONAL--NOMBRE DE PERSONA | |
| Nombre de persona | Fregnac, Claude, |
| Término indicativo de función/relación | ed. |
| 9 (RLIN) | 5423 |
| Estado de retiro | Estado de pérdida | Restricciones de uso | No para préstamo | Código de colección | Localización permanente | Ubicación/localización actual | Ubicación en estantería | Fecha de adquisición | Número de inventario | Total de préstamos | Signatura topográfica completa | Código de barras | Fecha visto por última vez | Precio válido a partir de | Tipo de ítem Koha |
|---|---|---|---|---|---|---|---|---|---|---|---|---|---|---|---|
| Préstamo interno | Monografías: Libros y Folletos | General | General | Depósito | 22.09.2009 | LF1 | 1668-10 | 25.06.2020 | 25.06.2020 | Préstamo interno |
